| 000 | 00894cam a2200253 i 4500 | ||
|---|---|---|---|
| 001 | xx002434901 | ||
| 003 | NUKAT | ||
| 005 | 20260425100237.0 | ||
| 008 | 120403s1936 pl g |000 0 pol c | ||
| 035 | _a(OCoLC)804738388 | ||
| 035 | _a(NUKAT)xx002434901 | ||
| 040 |
_aKAT U/AM _bpol _erda _cKAT U/AMmok _dOLSZT 008/sp |
||
| 100 | 1 |
_aGrudziński, Kazimierz. _eAutor _940506 |
|
| 245 | 1 | 0 |
_aPolacy na szerokim świecie / _cKazimierz Grudziński. |
| 260 |
_aWarszawa : _bTowarzystwo Pomocy Polonii Zagranicznej, _c1936. |
||
| 300 |
_a64 strony ; _c23 cm. |
||
| 336 |
_aTekst _btxt _2rdacontent |
||
| 337 |
_aBez urządzenia pośredniczącego _bn _2rdamedia |
||
| 338 |
_aWolumin _bnc _2rdacarrier |
||
| 500 | _aNazwa autora pod tekstem. | ||
| 650 | 4 |
_aPolacy _zza granicą _y1900-1945. _2kaba _94653 |
|
| 710 | 2 |
_aTowarzystwo Pomocy Polonii Zagranicznej. _eWydawca _4pbl _940507 |
|
| 942 |
_2ddc _cBK_NM |
||
| 999 |
_c27758 _d27758 |
||